Statistiken für Meistbesuchte Länder von Griechen

Klicken Sie hier um das Quiz zu spielen!

Allgemein

  • Dieses Quiz wurde 61 mal gespielt
  • Das Durchschnittsergebnis liegt bei 3 aus 5

Antwortstatistiken

#Land% Korrekt
291,976Italien
94%
468,852Deutschland
92%
129,863Frankreich
81%
142,400Österreich
35%
271,101Vereinigtes Königreich
33%

Verteilung der Resultate

Perzentil nach korrekt beantworteten Fragen

Anzahl Personen mit jedem Resultat

Ihre Resultats-Entwicklung

Sie haben dieses Quiz noch nicht gespielt